000 00392nam a2200133Ia 4500
005 20260326235504.0
008 260326s9999||||xx |||||||||||||| ||und||
100 _aPhillips, Peter L.
245 0 _aCreating the perfect Design brief :
_b how to manage Design for strategic advantage /
_cPeter L. Phillips
260 _bAllworth
300 _a191 p.
650 _aDISEÑO INDUSTRIAL
942 _cBK
999 _c8119
_d8119